00426 2200169 4500001002100000008004100021035002000062245003700082100001800119260002800137300002400165020002200189084001400211082000800225650000800233990001500241INLIS000000000003294 ind  a0010-1225000115 aKucingpediacStephanie Warren D. aD., Stephanie aJakartabGramediac2021 a288 hlmc21 x 26 cm a978-602-481-441-0 a590 STE k a590 aIPA a19769/B/26